<?xml version="1.0" encoding="UTF-8"?><?xml-stylesheet type="text/xsl" href="static/style.xsl"?><OAI-PMH xmlns="http://www.openarchives.org/OAI/2.0/" xmlns:xsi="http://www.w3.org/2001/XMLSchema-instance" xsi:schemaLocation="http://www.openarchives.org/OAI/2.0/ http://www.openarchives.org/OAI/2.0/OAI-PMH.xsd"><responseDate>2026-04-17T06:05:51Z</responseDate><request verb="GetRecord" identifier="oai:www.recercat.cat:2445/162706" metadataPrefix="marc">https://recercat.cat/oai/request</request><GetRecord><record><header><identifier>oai:recercat.cat:2445/162706</identifier><datestamp>2025-12-05T05:46:35Z</datestamp><setSpec>com_2072_1057</setSpec><setSpec>col_2072_478824</setSpec><setSpec>col_2072_478917</setSpec></header><metadata><record xmlns="http://www.loc.gov/MARC21/slim" xmlns:dcterms="http://purl.org/dc/terms/" xmlns:xsi="http://www.w3.org/2001/XMLSchema-instance" xmlns:doc="http://www.lyncode.com/xoai" xsi:schemaLocation="http://www.loc.gov/MARC21/slim http://www.loc.gov/standards/marcxml/schema/MARC21slim.xsd">
   <leader>00925njm 22002777a 4500</leader>
   <datafield ind2=" " ind1=" " tag="042">
      <subfield code="a">dc</subfield>
   </datafield>
   <datafield ind2=" " ind1=" " tag="720">
      <subfield code="a">Caballol Angelats, Rosa</subfield>
      <subfield code="e">author</subfield>
   </datafield>
   <datafield ind2=" " ind1=" " tag="720">
      <subfield code="a">Queiroga Gonçalves, Alessandra</subfield>
      <subfield code="e">author</subfield>
   </datafield>
   <datafield ind2=" " ind1=" " tag="720">
      <subfield code="a">Aguilar Martín, Carina</subfield>
      <subfield code="e">author</subfield>
   </datafield>
   <datafield ind2=" " ind1=" " tag="720">
      <subfield code="a">Sancho Sol, Maria Cinta</subfield>
      <subfield code="e">author</subfield>
   </datafield>
   <datafield ind2=" " ind1=" " tag="720">
      <subfield code="a">González Serra, Gemma</subfield>
      <subfield code="e">author</subfield>
   </datafield>
   <datafield ind2=" " ind1=" " tag="720">
      <subfield code="a">Casajuana, Marc</subfield>
      <subfield code="e">author</subfield>
   </datafield>
   <datafield ind2=" " ind1=" " tag="720">
      <subfield code="a">Carrasco Querol, Noèlia</subfield>
      <subfield code="e">author</subfield>
   </datafield>
   <datafield ind2=" " ind1=" " tag="720">
      <subfield code="a">Fernández Sáez, José</subfield>
      <subfield code="e">author</subfield>
   </datafield>
   <datafield ind2=" " ind1=" " tag="720">
      <subfield code="a">Dalmau Llorca, Maria Rosa</subfield>
      <subfield code="e">author</subfield>
   </datafield>
   <datafield ind2=" " ind1=" " tag="720">
      <subfield code="a">Abellana Sangrà, Rosa Mari</subfield>
      <subfield code="e">author</subfield>
   </datafield>
   <datafield ind2=" " ind1=" " tag="720">
      <subfield code="a">Berenguera, Anna</subfield>
      <subfield code="e">author</subfield>
   </datafield>
   <datafield ind2=" " ind1=" " tag="260">
      <subfield code="c">2020-05-27T21:05:09Z</subfield>
   </datafield>
   <datafield ind2=" " ind1=" " tag="260">
      <subfield code="c">2020-05-27T21:05:09Z</subfield>
   </datafield>
   <datafield ind2=" " ind1=" " tag="260">
      <subfield code="c">2019-08-29</subfield>
   </datafield>
   <datafield ind2=" " ind1=" " tag="260">
      <subfield code="c">2020-05-27T21:05:10Z</subfield>
   </datafield>
   <datafield ind2=" " ind1=" " tag="520">
      <subfield code="a">Introduction: Fibromyalgia (FM) is a chronic condition characterized by chronic pain, fatigue and loss of function which significantly impairs quality of life. Although treatment of FM remains disputed, some studies point at the efficacy of interdisciplinary therapy. This study aims to analyze the effectiveness, cost-utility and benefits of a multicomponent therapy on quality of life (main variable), functional impact, mood and pain in people suffering from FM that attend primary care centers (PCCs) of the Catalan Institute of Health (ICS). Methods and analysis: A 2-phase, mixed methods study has been designed following Medical Research Council guidance. Phase 1: Pragmatic randomized clinical trial with patients diagnosed with FM that attend one of the 11 PCCs of the ICS Gerència Territorial Terres de l'Ebre. We estimate a total sample of 336 patients. The control group will receive usual clinical care, while the multicomponent therapy group (MT group) will receive usual clinical care plus group therapy (consisting of health education, exercise and cognitive-behavioural therapy) during 12 weeks in 2-hourly weekly sessions. Analysis: the standardized mean response and the standardized effect size will be assessed at 3, 9, and 15 months after the beginning of the study using multiple linear regression models. Utility measurements will be used for the economic analysis. Phase 2: Qualitative socio constructivist study to evaluate the intervention according to the results obtained and the opinions and experiences of participants (patients and professionals). We will use theoretical sampling, with 2 discussion groups of participants in the multicomponent therapy and 2 discussion groups of professionals of different PCCs. A thematic content analysis will be carried out. Ethics and dissemination: This study protocol has been approved by the Clinical Research Ethics Committee of the Fundació Institut Universitari per a la recerca a l'Atenció Primària de Salut Jordi Gol i Gurina (code P18/068). Articles will be published in international, peer-reviewed scientific journals.</subfield>
   </datafield>
   <datafield tag="653" ind2=" " ind1=" ">
      <subfield code="a">Fibromiàlgia</subfield>
   </datafield>
   <datafield tag="653" ind2=" " ind1=" ">
      <subfield code="a">Malalts crònics</subfield>
   </datafield>
   <datafield tag="653" ind2=" " ind1=" ">
      <subfield code="a">Terapèutica</subfield>
   </datafield>
   <datafield tag="653" ind2=" " ind1=" ">
      <subfield code="a">Fibromyalgia</subfield>
   </datafield>
   <datafield tag="653" ind2=" " ind1=" ">
      <subfield code="a">Chronically ill</subfield>
   </datafield>
   <datafield tag="653" ind2=" " ind1=" ">
      <subfield code="a">Therapeutics</subfield>
   </datafield>
   <datafield ind2="0" ind1="0" tag="245">
      <subfield code="a">Effectiveness, cost-utility, and benefits of a multicomponent therapy to improve the quality of life of patients with fibromyalgia in primary care: A mixed methods study protocol</subfield>
   </datafield>
</record></metadata></record></GetRecord></OAI-PMH>